<?xml version="1.0" encoding="UTF-8"?>
<record
    xmlns:xsi="http://www.w3.org/2001/XMLSchema-instance"
    xsi:schemaLocation="http://www.loc.gov/MARC21/slim http://www.loc.gov/standards/marcxml/schema/MARC21slim.xsd"
    xmlns="http://www.loc.gov/MARC21/slim">

  <leader>01063nam a22002417a 4500</leader>
  <controlfield tag="005">20260128092322.0</controlfield>
  <controlfield tag="008">240919b           ||||| |||| 00| 0 eng d</controlfield>
  <datafield tag="040" ind1=" " ind2=" ">
    <subfield code="c">AL</subfield>
  </datafield>
  <datafield tag="041" ind1=" " ind2=" ">
    <subfield code="a">English</subfield>
  </datafield>
  <datafield tag="082" ind1=" " ind2=" ">
    <subfield code="2">23</subfield>
    <subfield code="a">820.33</subfield>
    <subfield code="b">BHYD</subfield>
  </datafield>
  <datafield tag="100" ind1=" " ind2=" ">
    <subfield code="a">S L Bhyrappa</subfield>
    <subfield code="9">252878</subfield>
  </datafield>
  <datafield tag="245" ind1=" " ind2=" ">
    <subfield code="a">Dharmashree</subfield>
  </datafield>
  <datafield tag="260" ind1=" " ind2=" ">
    <subfield code="a">Hubli</subfield>
    <subfield code="b">Subbu</subfield>
    <subfield code="c">2024</subfield>
  </datafield>
  <datafield tag="300" ind1=" " ind2=" ">
    <subfield code="a">331p</subfield>
    <subfield code="b">PB</subfield>
    <subfield code="c">21x14cm</subfield>
  </datafield>
  <datafield tag="365" ind1=" " ind2=" ">
    <subfield code="a">BLCR-000030</subfield>
    <subfield code="b">&#x20B9;439.00</subfield>
    <subfield code="c">&#x20B9;</subfield>
    <subfield code="d">&#x20B9;549.00</subfield>
    <subfield code="e">20%</subfield>
    <subfield code="f">11-09-2024</subfield>
  </datafield>
  <datafield tag="520" ind1=" " ind2=" ">
    <subfield code="a">Dharmashree depicts the episodes in the life of Satyanarayana, a staunch adherent of San&#x101;tana-dharma, who ends up falling in love with a Christian girl, Lily. Initially a harsh critic of Hinduism, Lily is deeply influenced by Hindu ideals as she wades past discussions and arguments with Satya. Lily&#x2019;s father would never marry her off to a non-Christian, so what does Satya do?</subfield>
  </datafield>
  <datafield tag="650" ind1=" " ind2=" ">
    <subfield code="a">English Fiction</subfield>
    <subfield code="9">179553</subfield>
  </datafield>
  <datafield tag="650" ind1=" " ind2=" ">
    <subfield code="a">Bairappa S L Bhairappa S L</subfield>
    <subfield code="9">252879</subfield>
  </datafield>
  <datafield tag="700" ind1=" " ind2=" ">
    <subfield code="a">Shanthakumari L V Tr</subfield>
    <subfield code="9">179555</subfield>
  </datafield>
  <datafield tag="700" ind1=" " ind2=" ">
    <subfield code="a">Ravikumar Hari Ed</subfield>
    <subfield code="9">179556</subfield>
  </datafield>
  <datafield tag="700" ind1=" " ind2=" ">
    <subfield code="a">Bharadwaj Arjun Ed</subfield>
    <subfield code="9">179557</subfield>
  </datafield>
  <datafield tag="942" ind1=" " ind2=" ">
    <subfield code="2">ddc</subfield>
    <subfield code="c">BK</subfield>
  </datafield>
  <datafield tag="999" ind1=" " ind2=" ">
    <subfield code="c">231844</subfield>
    <subfield code="d">231844</subfield>
  </datafield>
  <datafield tag="952" ind1=" " ind2=" ">
    <subfield code="0">0</subfield>
    <subfield code="1">0</subfield>
    <subfield code="2">ddc</subfield>
    <subfield code="4">0</subfield>
    <subfield code="7">0</subfield>
    <subfield code="8">JR</subfield>
    <subfield code="a">AL</subfield>
    <subfield code="b">AL</subfield>
    <subfield code="d">2024-09-14</subfield>
    <subfield code="e">Navakarnataka Publications Pvt. Ltd. Mangaluru-575001</subfield>
    <subfield code="g">439.00</subfield>
    <subfield code="l">0</subfield>
    <subfield code="o">820.33 BHYD</subfield>
    <subfield code="p">077331</subfield>
    <subfield code="r">2024-09-19 00:00:00</subfield>
    <subfield code="v">549.00</subfield>
    <subfield code="w">2024-09-11</subfield>
    <subfield code="y">BK</subfield>
  </datafield>
</record>
